Statistics for Rare Earth Elements

Click here to take the quiz!

General Stats

  • This quiz has been taken 51 times
  • The average score is 11 of 17

Answer Stats

HintAnswer% Correct
7.lanthanum
79%
8.lutetium
75%
9.neodymium
75%
3.erbium
71%
10.praseodymium
71%
14.terbium
71%
16.ytterbium
71%
4.europium
67%
5.gadolinium
67%
11.promethium
67%
12.samarium
67%
1.cerium
63%
6.holmium
63%
15.thulium
63%
17.yttrium
58%
2.dysprosium
54%
13.scandium
33%

Score Distribution

Percentile by Number Answered

Percent of People with Each Score

Your Score History

You have not taken this quiz